000 00367nam a2200145Ia 4500
008 150201s2010 xx 000 0 und d
082 _a610.7368
_bE10V
100 _aVERGHESE , MORY
245 _aESSENTIALS OF PSYCHIATRIC & MENTAL HEALTH NURSING
250 _a3RD
260 _bELSEVIER
_aINDIA
_c2010
300 _a554
650 _aPSYCHIATRY
942 _2ddc
_cBK
_02
999 _c2119
_d2119